[Event "Bunratty Masters 2015"]
[Site "Bunratty IRL"]
[Date "2015.02.21"]
[Round "2.14"]
[White "Van Der Zwet, Bart"]
[Black "Cafolla, Peter"]
[Result "1/2-1/2"]
[WhiteElo "2118"]
[BlackElo "2060"]
[WhiteFideId "1004204"]
[BlackFideId "2500884"]
[EventDate "2015.02.20"]

1. e4 c5 2. Nf3 Nc6 3. d4 cxd4 4. Nxd4 Nf6 5. Nc3 e5 6. Ndb5 d6 7. Bg5 a6 8. Na3
b5 9. Nd5 Be7 10. Nxe7 Nxe7 11. Bd3 d5 12. Bxf6 gxf6 13. f3 f5 14. Qe2 fxe4 15.
fxe4 d4 16. O-O Ng6 17. Qh5 Qh4 18. Qxh4 Nxh4 19. Rac1 Be6 20. b3 Rc8 21. Nb1
Ng6 22. g3 Ke7 23. Kf2 Rc7 24. Ke2 Bh3 25. Rfe1 h5 26. c3 Rhc8 27. Kd2 h4 28.
cxd4 Rxc1 29. Rxc1 Rxc1 30. Kxc1 exd4 31. Nd2 Ne5 32. Kc2 hxg3 33. hxg3 Kd6 1/2-1/2

[Event "Bunratty Masters 2015"]
[Site "Bunratty IRL"]
[Date "2015.02.21"]
[Round "2.16"]
[White "Moynihan, Kieran"]
[Black "Ackley, Peter J E"]
[Result "1/2-1/2"]
[WhiteElo "2180"]
[BlackElo "2038"]
[WhiteFideId "2500663"]
[BlackFideId "414824"]
[EventDate "2015.02.20"]

1. d4 e6 2. Nf3 f5 3. h3 Nf6 4. g4 b6 5. Bf4 Bb7 6. Rg1 Qe7 7. c3 d6 8. Nbd2
Nbd7 9. gxf5 exf5 10. e3 g6 11. Qb3 Bg7 12. O-O-O O-O-O 13. Qa4 Kb8 14. Bb5 Ne4
15. Nxe4 fxe4 16. Nd2 Bf6 17. Bc6 Bxc6 18. Qxc6 Rhe8 19. Nc4 Nf8 20. a4 Qd7 21.
Qxd7 Nxd7 22. Rg2 1/2-1/2

[Event "Bunratty Masters 2015"]
[Site "Bunratty IRL"]
[Date "2015.02.21"]
[Round "2.17"]
[White "Harding, Tim D"]
[Black "Denger, Philipp"]
[Result "0-1"]
[WhiteElo "2106"]
[BlackElo "2088"]
[WhiteFideId "2500256"]
[BlackFideId "4678150"]
[EventDate "2015.02.20"]

1. d4 e6 2. e4 d5 3. Nc3 Bb4 4. exd5 exd5 5. Qf3 Be6 6. a3 Ba5 7. Bd2 Nf6 8. Bd3
Nbd7 9. Nge2 c6 10. Nf4 O-O 11. O-O Bc7 12. Nxe6 fxe6 13. Qh3 e5 14. dxe5 Nxe5
15. Bf5 Nf7 16. Rae1 Be5 17. f4 Bd4+ 18. Kh1 Nd6 19. Be6+ Kh8 20. Qd3 Bb6 21.
Re2 Nfe4 22. Nxe4 Nxe4 23. Be3 Qf6 24. Bg4 Qh4 25. Bxb6 Qxg4 26. Bc7 Rae8 27.
Kg1 Nc5 28. Rxe8 Rxe8 29. Qg3 Qf5 30. Be5 Re7 31. Bd6 Ne4 32. Qe3 Re8 33. Be5 a6
34. Qb6 Qd7 35. Qc7 Qxc7 36. Bxc7 Kg8 37. Re1 Kf7 38. g4 h5 39. h3 hxg4 40. hxg4
Rh8 41. Kg2 g6 42. Be5 Rh4 43. g5 Ke6 44. c4 Rg4+ 45. Kh2 Rh4+ 46. Kg2 Rh7 47.
cxd5+ cxd5 48. Re3 Rd7 49. Kf3 Kf5 50. Bd4 Rh7 51. Be5 Rh2 52. Rd3 Nxg5+ 53. Ke3
Rh3+ 54. Kd4 Ne6+ 55. Kc3 Rxd3+ 56. Kxd3 Nxf4+ 57. Kd4 g5 58. b4 g4 0-1

[Event "Bunratty Masters 2015"]
[Site "Bunratty IRL"]
[Date "2015.02.21"]
[Round "2.18"]
[White "Rawlinson, Aidan M"]
[Black "Tunka, Philipp"]
[Result "0-1"]
[WhiteElo "2182"]
[BlackElo "2010"]
[WhiteFideId "413496"]
[BlackFideId "4638867"]
[EventDate "2015.02.20"]

1. d4 d5 2. c4 c6 3. Nf3 Nf6 4. e3 e6 5. b3 Bd6 6. Bd3 Nbd7 7. Bb2 Qe7 8. O-O
O-O 9. Ne5 c5 10. Nd2 b6 11. cxd5 exd5 12. Nxd7 Bxd7 13. dxc5 bxc5 14. Rc1 h6
15. h3 a5 16. Qf3 Be6 17. Rfe1 Nd7 18. Qh5 Qg5 19. Qxg5 hxg5 20. f4 gxf4 0-1

[Event "Bunratty Masters 2015"]
[Site "Bunratty IRL"]
[Date "2015.02.21"]
[Round "2.19"]
[White "Hayes, Peter J."]
[Black "Wolferink, Frans"]
[Result "1-0"]
[WhiteElo "2099"]
[BlackElo "2084"]
[WhiteFideId "2502569"]
[BlackFideId "1003917"]
[EventDate "2015.02.20"]

1. d4 g6 2. g3 Nf6 3. c4 Bg7 4. Bg2 d5 5. cxd5 Nxd5 6. e4 Nb6 7. Ne2 e5 8. d5
O-O 9. Nbc3 c6 10. O-O Qe7 11. a4 a5 12. b3 Na6 13. Be3 Nd7 14. Rc1 Rd8 15. Qd3
Ndc5 16. Qc4 Bd7 17. Rfd1 Rab8 18. Nb5 cxb5 19. axb5 Rbc8 20. bxa6 Nxa6 21. Qd3
Qd6 22. Bd2 Nb4 23. Qe3 a4 24. bxa4 Bxa4 25. Qa3 Bxd1 26. Bxb4 Rxc1 27. Bxd6
Bxe2+ 28. Qxc1 Rxd6 29. Qc8+ Bf8 30. Qxb7 Ra6 31. Qb2 1-0

[Event "Bunratty Masters 2015"]
[Site "Bunratty IRL"]
[Date "2015.02.21"]
[Round "2.20"]
[White "MacElligott, Gerard"]
[Black "Thee, Bernd"]
[Result "1-0"]
[WhiteTitle "CM"]
[WhiteElo "2080"]
[BlackElo "1994"]
[WhiteFideId "2500647"]
[BlackFideId "2505630"]
[EventDate "2015.02.20"]

1. Nf3 Nf6 2. c4 c6 3. Nc3 d5 4. d4 e6 5. g3 dxc4 6. Bg2 Bb4 7. O-O Nbd7 8. a3
Bxc3 9. bxc3 O-O 10. a4 Qa5 11. Ba3 Re8 12. Bb4 Qc7 13. a5 c5 14. dxc5 Nxc5 15.
Nd2 Na6 16. Qc2 Bd7 17. Rfd1 Rac8 18. Rab1 b5 19. axb6 axb6 20. Ba3 Nc5 21. Bxc5
Qxc5 22. Ne4 Qc7 23. Nd6 Rb8 24. Nxe8 Bxe8 25. Qd2 Ba4 26. Qd6 Ne8 27. Qxc7 Nxc7
28. Rdc1 b5 29. Rb2 Rd8 30. Kf1 Na6 31. Be4 Nc5 32. Bb1 1-0

[Event "Bunratty Masters 2015"]
[Site "Bunratty IRL"]
[Date "2015.02.21"]
[Round "2.21"]
[White "Pahor, Milos"]
[Black "Doyle, Hugh"]
[Result "1/2-1/2"]
[WhiteElo "2068"]
[BlackElo "1924"]
[WhiteFideId "14602962"]
[BlackFideId "2500876"]
[EventDate "2015.02.20"]

1. d4 Nf6 2. Bf4 c5 3. e3 cxd4 4. exd4 Qb6 5. Bc1 Nc6 6. Nf3 d5 7. c3 Bf5 8. Be2
e6 9. Nbd2 Bd6 10. Nh4 Be4 11. Nxe4 dxe4 12. g3 O-O-O 13. Qb3 Qc7 14. Be3 Nd5
15. O-O-O Nxe3 16. fxe3 Ne7 17. c4 f5 18. Ng2 g5 19. Kb1 Qb6 20. Qc2 Bc7 21. a3
e5 22. d5 Qg6 23. Rdg1 b5 24. cxb5 Nxd5 25. h4 h6 26. h5 Qh7 27. Rc1 Kb8 28.
Rhd1 Bb6 29. Qb3 Nc7 30. a4 Rxd1 31. Rxd1 Qe7 32. Rc1 Rd8 33. Qc3 Nd5 1/2-1/2

[Event "Bunratty Masters 2015"]
[Site "Bunratty IRL"]
[Date "2015.02.21"]
[Round "3.4"]
[White "Walton, Alan J"]
[Black "Pert, Nicholas"]
[Result "0-1"]
[WhiteTitle "CM"]
[BlackTitle "GM"]
[WhiteElo "2130"]
[BlackElo "2565"]
[WhiteFideId "409898"]
[BlackFideId "403989"]
[EventDate "2015.02.20"]

1. d4 d5 2. c4 c6 3. Nf3 Nf6 4. Nc3 dxc4 5. a4 Bf5 6. Ne5 Qc7 7. f3 Nbd7 8. Nxc4
e5 9. dxe5 Nxe5 10. e4 Rd8 11. Qc2 Bg6 12. Be3 Nd5 13. Bxa7 Nb4 14. Qb3 Nxc4 15.
Bxc4 b6 16. Nb5 cxb5 17. Bxb5+ Rd7 18. Rd1 Nc6 19. Rxd7 Kxd7 20. Qd5+ Bd6 21. e5
Re8 22. Bxb6 Rxe5+ 23. Qxe5 Bb4+ 0-1

[Event "Bunratty Masters 2015"]
[Site "Bunratty IRL"]
[Date "2015.02.21"]
[Round "3.5"]
[White "Jones, Gawain C B"]
[Black "Allen, Keith"]
[Result "1-0"]
[WhiteTitle "GM"]
[WhiteElo "2670"]
[BlackElo "2210"]
[WhiteFideId "409561"]
[BlackFideId "2501147"]
[EventDate "2015.02.20"]

1. d4 d5 2. c4 e6 3. Nc3 Nf6 4. cxd5 exd5 5. Bg5 Be7 6. e3 c6 7. Bd3 Nbd7 8. Qc2
Nh5 9. Bxe7 Qxe7 10. O-O-O g6 11. g4 Nhf6 12. h3 Nb6 13. Nf3 Be6 14. Kb1 O-O-O
15. Na4 Nxa4 16. Qxa4 Kb8 17. Rc1 Nd7 18. Rc3 Nb6 19. Qa5 f6 20. Ra3 Nc8 21. Rc1
g5 22. Nd2 h5 23. Nb3 hxg4 24. hxg4 Bxg4 25. Nc5 Rdf8 26. Rb3 Nb6 27. a4 Bc8 28.
Qc3 Ka8 29. a5 Nc4 30. Bxc4 dxc4 31. Qxc4 Rh7 32. Ka1 Qd6 33. Rbc3 f5 34. Qa4
Rc7 35. Qa3 Rf6 36. Kb1 Rh6 37. Rc4 Qd5 38. Na4 Qxa5 39. Qf8 Rhh7 40. Nc5 b5 41.
R4c3 Qb6 42. Ne6 Kb7 43. Nxc7 Rxc7 44. d5 c5 45. Rxc5 1-0

[Event "Bunratty Masters 2015"]
[Site "Bunratty IRL"]
[Date "2015.02.21"]
[Round "3.6"]
[White "Fitzsimons, David"]
[Black "Lalic, Bogdan"]
[Result "1/2-1/2"]
[WhiteTitle "FM"]
[BlackTitle "GM"]
[WhiteElo "2389"]
[BlackElo "2483"]
[WhiteFideId "2501961"]
[BlackFideId "409081"]
[EventDate "2015.02.20"]

1. e4 e5 2. Nf3 Nc6 3. Bc4 Nf6 4. d3 Be7 5. O-O O-O 6. Re1 d6 7. a4 Be6 8. Nc3
h6 9. Bxe6 fxe6 10. d4 exd4 11. Nxd4 Qd7 12. h3 Nxd4 13. Qxd4 e5 14. Qc4+ Rf7
15. Be3 Qc6 16. Qxc6 bxc6 17. Red1 Rff8 18. Rd3 Rfb8 19. b3 Nd7 20. Ne2 Nf8 21.
Ng3 Ne6 22. Nf5 Bf6 23. Rad1 h5 24. f3 c5 25. Bf2 Nd4 26. Ne3 Rb7 27. Kf1 Bg5 1/2-1/2

[Event "Bunratty Masters 2015"]
[Site "Bunratty IRL"]
[Date "2015.02.21"]
[Round "3.7"]
[White "L'Ami, Alina"]
[Black "Heidenfeld, Mark"]
[Result "1-0"]
[WhiteTitle "IM"]
[BlackTitle "IM"]
[WhiteElo "2392"]
[BlackElo "2376"]
[WhiteFideId "1210246"]
[BlackFideId "2500990"]
[EventDate "2015.02.20"]

1. d4 e6 2. c4 f5 3. Nf3 Nf6 4. g3 Be7 5. Bg2 O-O 6. O-O Ne4 7. Nc3 Bf6 8. Qc2
d5 9. Bf4 Nc6 10. Rad1 Ne7 11. Be5 c6 12. Bxf6 gxf6 13. Nd2 Nxd2 14. Rxd2 dxc4
15. e4 Rf7 16. d5 cxd5 17. exd5 e5 18. d6 Nc6 19. Bd5 Nd4 20. Rxd4 exd4 21. Nb5
a6 22. Nc7 Qxd6 23. Qxc4 1-0

[Event "Bunratty Masters 2015"]
[Site "Bunratty IRL"]
[Date "2015.02.21"]
[Round "3.8"]
[White "Denger, Philipp"]
[Black "Rendle, Thomas E"]
[Result "0-1"]
[BlackTitle "IM"]
[WhiteElo "2088"]
[BlackElo "2378"]
[WhiteFideId "4678150"]
[BlackFideId "408760"]
[EventDate "2015.02.20"]

1. d4 f5 2. g3 Nf6 3. Bg2 g6 4. Nf3 Bg7 5. c4 O-O 6. Nc3 d6 7. O-O Nc6 8. Re1 e5
9. dxe5 dxe5 10. Qxd8 Rxd8 11. e4 fxe4 12. Ng5 Nd4 13. Rb1 c6 14. Ncxe4 Bg4 15.
h3 Nc2 16. Nxf6+ Bxf6 17. Ne4 Be7 18. hxg4 Nxe1 19. Be3 Nxg2 20. Kxg2 b6 21. g5
Rd7 22. Kf3 Kf7 23. Rh1 Rh8 24. g4 Ke6 25. Ke2 Bd8 26. Rh3 Rf8 27. Rh1 Rff7 28.
Rc1 Be7 29. Rh1 Rd8 30. Rh3 c5 31. Rh1 Kd7 32. Kd3 Kc6+ 33. Kc3 a6 34. b3 b5 35.
Kc2 Rd7 36. Rh3 Rb7 37. Bd2 a5 38. a4 bxa4 39. bxa4 Bd8 40. Bc3 Rf4 41. f3 Rbf7
42. Bxe5 Rxf3 43. Rxf3 Rxf3 44. Nf6 h6 0-1

[Event "Bunratty Masters 2015"]
[Site "Bunratty IRL"]
[Date "2015.02.21"]
[Round "3.9"]
[White "Bates, Richard A"]
[Black "MacElligott, Gerard"]
[Result "1-0"]
[WhiteTitle "IM"]
[BlackTitle "CM"]
[WhiteElo "2342"]
[BlackElo "2080"]
[WhiteFideId "403555"]
[BlackFideId "2500647"]
[EventDate "2015.02.20"]

1. d4 Nf6 2. Nf3 c5 3. d5 b5 4. c4 bxc4 5. Nc3 g6 6. e4 d6 7. Bxc4 Bg7 8. e5
dxe5 9. Nxe5 O-O 10. O-O Bb7 11. Re1 Nfd7 12. Nxf7 Rxf7 13. d6 e6 14. Bxe6 Qf6
15. Bxf7+ Qxf7 16. Re7 Qc4 17. Bg5 Bc6 18. Rc1 Nf6 19. Bxf6 Bxf6 20. Ne4 Qxe4
21. Rxe4 Bxe4 22. Qg4 Bf5 23. Qf3 1-0

[Event "Bunratty Masters 2015"]
[Site "Bunratty IRL"]
[Date "2015.02.21"]
[Round "3.10"]
[White "Tunka, Philipp"]
[Black "Pein, Malcolm"]
[Result "1/2-1/2"]
[BlackTitle "IM"]
[WhiteElo "2010"]
[BlackElo "2344"]
[WhiteFideId "4638867"]
[BlackFideId "400289"]
[EventDate "2015.02.20"]

1. d4 Nf6 2. c4 c5 3. d5 d6 4. Nc3 g6 5. g3 Bg7 6. Bg2 O-O 7. Nf3 Na6 8. O-O Nc7
9. e4 Bg4 10. Bf4 Qd7 11. Qc1 b5 12. Nd2 Rab8 13. f3 Bh3 14. Rb1 Bxg2 15. Kxg2
bxc4 16. Nxc4 Nb5 17. Nxb5 Qxb5 18. b3 Qa6 19. Rf2 Rfe8 20. Qf1 Nd7 21. Rc1 Nb6
22. Rfc2 Nxc4 23. Qxc4 Qa3 24. Qe2 a5 25. Rc4 Rb4 26. R1c2 Rxc4 27. Rxc4 Qb2 28.
Qxb2 Bxb2 29. Bd2 e6 30. Rc2 Bd4 31. dxe6 fxe6 32. Bxa5 Ra8 33. Be1 Kf7 34. Bf2
Bxf2 35. Kxf2 Ke7 36. h4 h5 37. Ke3 1/2-1/2

[Event "Bunratty Masters 2015"]
[Site "Bunratty IRL"]
[Date "2015.02.21"]
[Round "3.11"]
[White "Quinn, Rory"]
[Black "Short, Philip M"]
[Result "0-1"]
[BlackTitle "FM"]
[WhiteElo "2121"]
[BlackElo "2294"]
[WhiteFideId "2501643"]
[BlackFideId "2500086"]
[EventDate "2015.02.20"]

1. e4 e6 2. d4 d5 3. Nc3 Nf6 4. Bg5 dxe4 5. Bxf6 gxf6 6. Nxe4 f5 7. Ng3 c5 8.
Nf3 Nc6 9. dxc5 Qxd1+ 10. Rxd1 Bxc5 11. Bb5 Bd7 12. Nh5 Ke7 13. Nf6 Bc8 14. Nh5
f6 15. O-O Ne5 16. Nd4 a6 17. Be2 Bd7 18. Nf4 Ng6 19. Nh5 Rad8 20. Bf3 Bc8 21.
Nb3 Bb6 22. h3 Nh4 23. Be2 Bd7 24. Rfe1 Rhg8 25. Nf4 Bc7 26. Nd5+ exd5 27. Bc4+
Be6 28. Bxd5 Rxd5 0-1

[Event "Bunratty Masters 2015"]
[Site "Bunratty IRL"]
[Date "2015.02.21"]
[Round "3.12"]
[White "Fehr, Jukka"]
[Black "Smith, Andrew Philip"]
[Result "1/2-1/2"]
[BlackTitle "FM"]
[WhiteElo "1973"]
[BlackElo "2150"]
[WhiteFideId "4674693"]
[BlackFideId "2500833"]
[EventDate "2015.02.20"]

1. d4 d6 2. e4 Nd7 3. c4 e5 4. d5 c6 5. Nc3 cxd5 6. cxd5 a6 7. Bd3 h6 8. Nge2
Be7 9. O-O Bg5 10. Ng3 Ne7 11. Kh1 Ng6 12. Nf5 Qf6 13. Ne2 Bxc1 14. Rxc1 O-O 15.
b4 Nf4 16. g3 Nxe2 17. Qxe2 Nb6 18. g4 Bxf5 19. gxf5 Rac8 20. Qe3 Rxc1 21. Rxc1
Rc8 22. Rxc8+ Nxc8 23. a4 Qd8 24. b5 axb5 25. Bxb5 Qc7 26. f6 g5 27. Qh3 Qc2 28.
Bd3 Qd1+ 29. Kg2 Nb6 30. Qxh6 Qg4+ 31. Kf1 Qd1+ 1/2-1/2

[Event "Bunratty Masters 2015"]
[Site "Bunratty IRL"]
[Date "2015.02.21"]
[Round "3.13"]
[White "Chevannes, Sabrina L"]
[Black "Hayes, Peter J."]
[Result "1/2-1/2"]
[WhiteTitle "WIM"]
[WhiteElo "2171"]
[BlackElo "2099"]
[WhiteFideId "411280"]
[BlackFideId "2502569"]
[EventDate "2015.02.20"]

1. d4 c5 2. d5 g6 3. e4 Bg7 4. Nf3 d6 5. c3 Nf6 6. Bd3 Nbd7 7. Nbd2 O-O 8. O-O
Ne8 9. a4 Nc7 10. Nc4 b6 11. Re1 Bb7 12. Bg5 f6 13. Bh4 Ne8 14. h3 Bh6 15. g4
Bf4 16. b4 Qc7 17. Ne3 Ng7 18. Ng2 Be5 19. Nxe5 Nxe5 20. Be2 g5 21. Bg3 Rac8 22.
b5 Rb8 23. f4 gxf4 24. Bxf4 Bc8 25. Bh6 Kh8 26. Nh4 Rg8 27. Kh2 Bd7 28. Rg1 Nf7
29. Qd2 Ng5 30. Bxg5 fxg5 31. Nf3 Rbf8 32. Raf1 Ne8 33. Nxg5 Nf6 34. Bd3 1/2-1/2

[Event "Bunratty Masters 2015"]
[Site "Bunratty IRL"]
[Date "2015.02.21"]
[Round "3.14"]
[White "Larisch, Rolf"]
[Black "Bourached, Anthony"]
[Result "1/2-1/2"]
[WhiteElo "2155"]
[BlackElo "1963"]
[WhiteFideId "12976350"]
[BlackFideId "2504456"]
[EventDate "2015.02.20"]

1. d4 Nf6 2. Nf3 e6 3. g3 c5 4. Bg2 Nc6 5. O-O b6 6. c4 Bb7 7. Nc3 d6 8. e3 Be7
9. Qe2 O-O 10. Rd1 Qb8 11. b3 Rd8 12. Bb2 cxd4 13. Nxd4 Nxd4 14. Rxd4 Bxg2 15.
Kxg2 a6 16. Rd2 Ra7 17. a4 Nd7 18. Rb1 Bf6 19. Ne4 Bxb2 20. Rbxb2 Nc5 21. Qf3
Rad7 22. Nc3 a5 23. Rb1 Na6 24. Rbd1 Nc5 25. Rb1 Na6 26. Rbd1 1/2-1/2

[Event "Bunratty Masters 2015"]
[Site "Bunratty IRL"]
[Date "2015.02.21"]
[Round "3.15"]
[White "Benson, Oisin P."]
[Black "O'Donnell, Conor"]
[Result "1-0"]
[WhiteElo "2019"]
[BlackElo "2190"]
[WhiteFideId "2501821"]
[BlackFideId "2504243"]
[EventDate "2015.02.20"]

1. d4 Nf6 2. c4 c6 3. Nc3 d5 4. Nf3 a6 5. e3 Bf5 6. Qb3 b5 7. c5 a5 8. Nh4 a4 9.
Nxa4 Rxa4 10. Nxf5 Nbd7 11. f4 Ne4 12. Bd3 Ndf6 13. O-O h5 14. Bxb5 cxb5 15.
Qxb5+ Qd7 16. c6 Qc8 17. Qxa4 h4 18. g3 hxg3 19. c7+ Nd7 20. Nxg3 Nf6 21. Rf2 e6
22. Rc2 Bd6 23. Qc6 Ke7 24. Bd2 Ng4 25. Nf1 g5 26. Bc1 Ndf6 27. a4 Rg8 28. Ng3
Nxe3 29. Bxe3 gxf4 30. Bxf4 Bxf4 31. Ra3 Ne4 32. Kg2 Rh8 33. Rb3 Bxg3 34. Rxg3
Nxg3 35. hxg3 e5 36. Qc5+ Ke8 37. Qb5+ Ke7 38. Qb4+ Ke6 39. dxe5 Kxe5 40. Qf4+
Ke6 41. Rc6+ Ke7 42. Qd6+ Ke8 43. Qxd5 1-0

[Event "Bunratty Masters 2015"]
[Site "Bunratty IRL"]
[Date "2015.02.21"]
[Round "3.16"]
[White "Ackley, Peter J E"]
[Black "Van Der Zwet, Bart"]
[Result "0-1"]
[WhiteElo "2038"]
[BlackElo "2118"]
[WhiteFideId "414824"]
[BlackFideId "1004204"]
[EventDate "2015.02.20"]

1. f4 d5 2. Nf3 c5 3. e3 Nc6 4. Bb5 Bd7 5. O-O Nf6 6. b3 a6 7. Bxc6 Bxc6 8. Bb2
e6 9. Ne5 Rc8 10. d3 Bd6 11. Nd2 O-O 12. Rf3 Nd7 13. Nxd7 Bxd7 14. Rg3 f6 15.
Qg4 Qe7 16. e4 Rf7 17. c4 f5 18. exf5 exf5 19. Qf3 d4 20. Qf2 Re8 21. Kf1 Bc6
22. Rd1 Qc7 23. Nf3 Bxf4 24. Rh3 Be3 25. Qh4 h6 26. Rg3 Qe7 27. Qh5 Bf2 0-1

[Event "Bunratty Masters 2015"]
[Site "Bunratty IRL"]
[Date "2015.02.21"]
[Round "3.17"]
[White "O'Connor, Jonathan"]
[Black "Fox, Anthony"]
[Result "1/2-1/2"]
[WhiteElo "2147"]
[BlackElo "2036"]
[WhiteFideId "2501112"]
[BlackFideId "2500736"]
[EventDate "2015.02.20"]

1. d4 d5 2. c4 e6 3. Nc3 Be7 4. Nf3 Nf6 5. Bf4 O-O 6. e3 c5 7. dxc5 Bxc5 8. Qc2
Nc6 9. Rd1 Qa5 10. a3 Be7 11. Nd2 e5 12. Bg3 d4 13. Nb3 Qb6 14. c5 Bxc5 15. Na4
Bb4+ 16. axb4 Qxb4+ 17. Nd2 Bg4 18. Be2 d3 19. Bxd3 Bxd1 20. Kxd1 Rfd8 21. Nc3
Qe7 22. Be2 Rac8 23. Re1 Qb4 24. Kc1 Nd4 25. exd4 exd4 26. Ndb1 dxc3 27. bxc3
Qa5 28. Bf3 1/2-1/2

[Event "Bunratty Masters 2015"]
[Site "Bunratty IRL"]
[Date "2015.02.21"]
[Round "3.18"]
[White "Doyle, Hugh"]
[Black "Moynihan, Kieran"]
[Result "1/2-1/2"]
[WhiteElo "1924"]
[BlackElo "2180"]
[WhiteFideId "2500876"]
[BlackFideId "2500663"]
[EventDate "2015.02.20"]

1. c4 e5 2. g3 c6 3. d4 Bb4+ 4. Bd2 Bxd2+ 5. Qxd2 d6 6. Nc3 Nf6 7. Bg2 O-O 8.
O-O-O Qe7 9. e4 Be6 10. d5 cxd5 11. cxd5 Bc8 12. Kb1 Na6 13. f3 Rb8 14. Bf1 Nc7
15. b4 g6 16. Nge2 Nce8 17. Nc1 Ng7 18. Qe3 a6 19. Nb3 Nfh5 20. Rc1 f5 21. Na4
fxe4 22. fxe4 Bg4 23. Bg2 Qe8 24. Nb6 Qd8 25. Rc2 Ne8 26. Na5 Bd7 27. Rhc1 Nhf6
28. Qg1 Kg7 29. a4 Ng8 1/2-1/2

[Event "Bunratty Masters 2015"]
[Site "Bunratty IRL"]
[Date "2015.02.21"]
[Round "3.19"]
[White "Moran, Stephen"]
[Black "Pahor, Milos"]
[Result "1-0"]
[WhiteElo "2062"]
[BlackElo "2068"]
[WhiteFideId "2501872"]
[BlackFideId "14602962"]
[EventDate "2015.02.20"]

1. d4 Nf6 2. c4 c5 3. d5 e6 4. Nc3 exd5 5. cxd5 d6 6. e4 g6 7. Nge2 Bg7 8. Ng3
a6 9. a4 Nbd7 10. Be2 Qc7 11. O-O h5 12. f3 h4 13. Nh1 h3 14. g3 c4 15. Be3 Nc5
16. Nf2 Nb3 17. Ra3 Na5 18. Qd4 Kd8 19. Bg5 Qe7 20. Ng4 Nb3 21. Qxf6 Bxf6 22.
Bxf6 Nd4 23. Bxe7+ Kxe7 24. Ne3 Bd7 25. Rd1 Nxe2+ 26. Nxe2 b5 27. axb5 axb5 28.
Rda1 Rab8 29. Nd4 Rhc8 30. Ra7 Ke8 31. Rc1 Ra8 32. Rca1 Rxa7 33. Rxa7 c3 34.
bxc3 Rxc3 35. Kf2 Rd3 36. Ne2 Rd2 37. Rc7 Rb2 38. Rc2 Rb1 39. Nc3 Rh1 40. Nf1 b4
41. Ne2 Bb5 42. g4 1-0

[Event "Bunratty Masters 2015"]
[Site "Bunratty IRL"]
[Date "2015.02.21"]
[Round "3.20"]
[White "Cafolla, Peter"]
[Black "Murray, David"]
[Result "1-0"]
[WhiteElo "2060"]
[BlackElo "2162"]
[WhiteFideId "2500884"]
[BlackFideId "2501511"]
[EventDate "2015.02.20"]

1. d4 Nf6 2. c4 e6 3. Nc3 Bb4 4. f3 d5 5. a3 Bxc3+ 6. bxc3 c5 7. cxd5 exd5 8. e3
c4 9. Ne2 Nc6 10. g4 Na5 11. Ng3 O-O 12. Ra2 Re8 13. g5 Nd7 14. e4 Nf8 15. Kf2
dxe4 16. fxe4 b5 17. Bg2 Bb7 18. Qg4 Nb3 19. Be3 a5 20. h4 Ra6 21. Rf1 Qc8 22.
Qh5 Qe6 23. Kg1 Qg6 24. Qf3 Re7 25. Nf5 Rxe4 26. Qxe4 Bxe4 27. Ne7+ Kh8 28.
Nxg6+ Bxg6 29. Bd5 Ne6 30. Bf4 Nxf4 31. Rxf4 Nc1 32. Rb2 h6 33. Rf1 Nb3 34. Bxf7
Bxf7 35. Rxf7 b4 36. axb4 axb4 37. cxb4 Nxd4 38. Rc7 hxg5 39. hxg5 Nf3+ 40. Kg2
Nxg5 41. Rxc4 Ne6 42. b5 Rb6 43. Rc6 Nf4+ 44. Kf3 Nd5 45. Rxb6 Nxb6 46. Ke4 Kg8
47. Rc2 Kf7 48. Rc7+ Ke8 49. Rxg7 Kd8 50. Kd4 1-0

[Event "Bunratty Masters 2015"]
[Site "Bunratty IRL"]
[Date "2015.02.21"]
[Round "3.21"]
[White "Thee, Bernd"]
[Black "Rawlinson, Aidan M"]
[Result "1/2-1/2"]
[WhiteElo "1994"]
[BlackElo "2182"]
[WhiteFideId "2505630"]
[BlackFideId "413496"]
[EventDate "2015.02.20"]

1. e4 g6 2. d4 Bg7 3. Nf3 d6 4. Bc4 Nf6 5. Qe2 O-O 6. h3 Nc6 7. O-O e5 8. dxe5
Nxe5 9. Nxe5 dxe5 10. Nc3 c6 11. Bg5 h6 12. Bh4 Re8 13. Rad1 Qc7 14. Qf3 Be6 15.
Bxe6 Rxe6 16. Rd3 Rd8 17. Rfd1 Rxd3 18. Qxd3 Kf8 19. Bxf6 Bxf6 20. Qe3 Qb6 21.
Qxh6+ Ke7 22. Qd2 Kf8 23. Qh6+ Ke7 24. Qd2 1/2-1/2

[Event "Bunratty Masters 2015"]
[Site "Bunratty IRL"]
[Date "2015.02.21"]
[Round "3.22"]
[White "Wolferink, Frans"]
[Black "Harding, Tim D"]
[Result "1/2-1/2"]
[WhiteElo "2084"]
[BlackElo "2106"]
[WhiteFideId "1003917"]
[BlackFideId "2500256"]
[EventDate "2015.02.20"]

1. e4 e6 2. d4 d5 3. e5 c5 4. c3 Nc6 5. Nf3 Qb6 6. a3 c4 7. Nbd2 Bd7 8. b3 cxb3
9. Nxb3 Na5 10. Nxa5 Qxa5 11. Bd2 Ba4 12. Qb1 Qc7 13. Bd3 Ne7 14. O-O Nc6 15.
Rc1 Na5 16. Bb5+ Bxb5 17. Qxb5+ Nc6 18. c4 Rd8 19. c5 Be7 20. Rab1 Rd7 21. a4
O-O 22. a5 a6 23. Qa4 Na7 24. Bg5 Nb5 25. Bxe7 Rxe7 1/2-1/2

[Event "Bunratty Masters 2015"]
[Site "Bunratty IRL"]
[Date "2015.02.21"]
[Round "4.4"]
[White "Short, Nigel D"]
[Black "Fitzsimons, David"]
[Result "1-0"]
[WhiteTitle "GM"]
[BlackTitle "FM"]
[WhiteElo "2664"]
[BlackElo "2389"]
[WhiteFideId "400025"]
[BlackFideId "2501961"]
[EventDate "2015.02.20"]

1. d4 Nf6 2. Nf3 c5 3. d5 e6 4. Nc3 exd5 5. Nxd5 Nxd5 6. Qxd5 Nc6 7. Bg5 Qb6 8.
Qe4+ Be7 9. O-O-O d5 10. Rxd5 Be6 11. Rd3 Nb4 12. Ra3 f6 13. Bd2 Kf7 14. e3 Qc6
15. Qxc6 Nxc6 16. Ra4 Rhd8 17. Bc4 Rd7 18. Bxe6+ Kxe6 19. Re4+ Kf7 20. g4 Rad8
21. h4 Bd6 22. Bc3 Bc7 23. h5 Rd5 24. b3 R8d7 25. g5 h6 26. gxh6 gxh6 27. Rg4
Rf5 28. Rh3 Ne7 29. Bd2 Rfd5 30. Rg1 f5 31. Bc3 Ke6 32. Rhh1 1-0